1661 1890 1338 1751 1036 1910 1616 1934 1411 1906 1191 1998 1990 1618 1767 1887 1651 1228 1068 1917 1136 1417 1218 1408 1085 1377 1779 1355 1506 1297 1151 1701 1962 1792 1909 1134 1535 1797 1902 1381 1520 1263 1132 1066 1591 1912 1549 1545 1541 1540 1044 1495 1226 1332 1497 1114 1471 1315 1996 1242 1747 1329 1766 1806 1211 1757 1021 1835 1543 1376 1880 1056 1868 1955 1755 1451 1349 1796 1654 1422 1949 1120 1429 1218 1122 1011 1084 1353 1441 1817 1503 1696 1046 1968 1094 1566 1568 1013 1642 BCNSPRNW ULIB Ver.6.0+V

เปลี่ยนเป็นภาษาไทย

Change to English
 แสดงรายละเอียดบรรณานุกรม
  กลับหน้าหลัก

Brief Record : Get Marc (ISO 2709) : E-mail record : QR code < ปิดหน้าต่าง
LEADER : 00000nam 2200000uu 4500
001    13399111258
003     ULIB
008    110621s||||||||th 000 0 tha d
020    9789740508601
050  4 BF637.S8^bอ598ด ล.4 2551
100 0  อาจอง ชุมสาย ณ อยุธยา
245 10 ด้วยรักบันดาล...นิทานสีขาว /^cเล่าเรื่องโดย อาจอง ชุมสาย ณ อยุธยา ;สุพัตรา แซ่ลิ่ม เรียบเรียง ;[บรรณาธิการ อิศวเรศ ตโมนุท]
250    พิมพ์ครั้งที่ 1
260    กรุงเทพฯ :^bฟรีมายด์,^c2551
300    191 หน้า :^bภาพประกอบ
650  4 นิทานสอนใจ
650  4 การดำเนินชีวิต
650  4 ความสำเร็จ
650  4 นิทานคติธรรม
700 0  สุพัตรา แซ่ลิ่ม
700 0  อิศวเรศ ตโมนุท,^eบรรณาธิการ
945    ^p185^l0^i024046
945    ^p185^l0^i024047
995    ทศพร
999 ^a ใช้งานได้ทุกระบบ
รายการนี้ยังไม่มีแท็ก
คุณยังไม่ได้ล็อกอิน คุณสามารถมีกิจกรรมร่วมกับเว็บไซต์ได้ แต่ต้องล็อกอินก่อน ::
  ล็อกอิน

รายการสื่อสารสนเทศ

ลำดับที่ ประเภท เลขเรียก/บาร์โค้ด สถานที่ สถานะ
- ไม่พบข้อมูล -

รายการใกล้เคียง
    ผู้แต่ง [อาจอง ชุมสาย ณ อยุธยา]

    หัวเรื่อง [นิทานสอนใจ]
    หัวเรื่อง [การดำเนินชีวิต]
    หัวเรื่อง [ความสำเร็จ]
    หัวเรื่อง [นิทานคติธรรม]

BibComment


ยังไม่เคยถูกคอมเมนท์

คอมเมนท์ทรัพยากรรายการนี้
  คอมเมนท์: ด้วยรักบันดาลนิทา..


 Copyright 2026. Bcnsprnw @Library